Loading...
| Science - Other Science | 0 | 6 | 0 | 0 | 60 | 53 | 75.33 | 2 | 6 |
| Science - Biology | 0 | 5 | 0 | 2 | 50 | 68 | 101.60 | 0 | 1 |
| History - World History | 0 | 2 | 0 | 0 | 20 | 49 | 67.50 | 1 | 2 |
| History - American History | 0 | 2 | 0 | 0 | 20 | 61 | 70.00 | 1 | 1 |
| History - Other History | 0 | 2 | 0 | 1 | 20 | 60 | 88.50 | 1 | 1 |
| Science - Chemistry | 0 | 2 | 1 | 0 | 15 | 71 | 72.50 | 0 | 1 |
| Social Science | 0 | 2 | 1 | 0 | 15 | 77 | 93.00 | 0 | 0 |
| Fine Arts - Painting and Sculpture | 0 | 2 | 1 | 0 | 15 | 81 | 86.00 | 0 | 0 |
| Religion | 0 | 2 | 1 | 1 | 15 | 64 | 88.00 | 0 | 2 |
| Literature - World Literature | 0 | 1 | 0 | 0 | 10 | 105 | 105.00 | 0 | 0 |
| Current Events | 0 | 1 | 0 | 0 | 10 | 99 | 99.00 | 0 | 1 |
| Science - Physics | 0 | 1 | 0 | 0 | 10 | 95 | 95.00 | 0 | 1 |
| Other Academic | 0 | 1 | 1 | 0 | 5 | 45 | 45.00 | 1 | 1 |
| History - European History | 0 | 1 | 2 | 0 | 0 | 82 | 82.00 | 0 | 1 |
| Literature - European Literature | 0 | 0 | 1 | 0 | -5 | 0.00 | 0 | 0 |